|
|
|
|
| LEADER |
00000nab a2200000 a 4500 |
| 001 |
vtls001004401 |
| 003 |
SK-MaSNL |
| 005 |
20260303234045.0 |
| 008 |
040720e19980512xo 0 slo |
| 035 |
|
|
|a RV5001
|
| 040 |
|
|
|a RVGKPD
|b slo
|c RVGKPD
|e AACR2
|
| 041 |
0 |
|
|a slo
|
| 044 |
|
|
|a xo
|c SK
|
| 080 |
|
|
|a 355.3
|2 1981
|
| 100 |
0 |
|
|a (jkč)
|4 aut
|9 1024004
|
| 245 |
1 |
0 |
|a Slávnostné salvy nad Rožňavou
|
| 518 |
|
|
|a 08.05.1998
|
| 610 |
1 |
7 |
|a Slovensko.
|b Armáda.
|b Vojenská posádka Rožňava
|2 RVGKPD
|9 188079
|
| 650 |
0 |
7 |
|a vojenská prísaha
|2 RVGKPD
|9 112982
|
| 651 |
|
7 |
|a Rožňava (Slovensko)
|2 RVGKPD
|9 17394
|
| 773 |
0 |
8 |
|t Zora Gemera
|g Roč. 6, č.19, 12.5.1998, s. 1
|
| 852 |
|
|
|a ZVYKNI
|b KIS3GCP
|
| 999 |
|
|
|c 2518897
|d 2520827
|